Walking Dead Analogies - Statistics

General Stats
  • This quiz has been taken 322 times
  • The average score is 10 of 16
Answer Stats
This is to this ... As ... % Correct
Ezekiel is to the Kingdom Gregory is to the {Hilltop}
92%
Hershel is to Leg Carl is to {Eye}
81%
Negan is to the Sanctuary Gareth is to {Terminus}
78%
Carl is to Judith Lizzie is to {Mika}
78%
Gabriel is to Priest Denise is to {Doctor}
73%
Eugene is to Scientist Ezekiel is to {King}
73%
Rick is to Lori Morgan is to {Jenny}
73%
Daryl is to Crossbow Tyreese is to {Hammer}
64%
Philip is to Governor Paul is to {Jesus}
59%
Andrea is to Amy Tara is to {Lilly}
59%
Negan is to Simon The Governor is to {Martinez}
57%
Atlanta is to Georgia Alexandria is to {Virginia}
49%
Joe is to Claimers Jadis is to {Scavengers}
49%
Hershel is to Katana Tomas is to {Machete}
46%
"Don't let go" is to Noah "Thank You" is to {Nicholas}
43%
Dale is to RV Mitch is to {Tank}
34%
No matching quizzes found
Score Distribution
Percent of People with Each Score
Percentile by Number Answered
Your Score History
You have not taken this quiz